000 00525nam a2200193Ia 4500
005 20250923145920.0
008 008 250917s9999 xx 000 0 eng d
037 _aTextual
040 _aDSWL
_beng
_cDSWL
041 _aeng
_2eng
084 _aY:4371.2, N87;1
_qDSWL
245 0 _aCollective violence
_cEd. by K.S. Shukla
260 _aNew Delhi
_b I.I.P.A.
_c1988
300 _axvii,354p.
365 _aINR
_b210.00
925 _g210.00
942 _cTEXL
_hY:4371.2, N87;1
999 _c1457310
_d1457310